000 01157cam a2200181 4500
001 WB3925-11
008 030701n2003 000 0 eng u
035 _a(Sirsi) u122822
245 _aUpdated assured shorthold tenancy agreement
260 _c2003
490 _aRICS Residential Faculty News
_v30 June 2003 (1)
520 _aThe revised RICS "Agreement for the creation of an assured shorthold tenancy (England and Wales only)" is now available and meets the requirements of the Unfair Terms in Consumer Contracts Regulations 1999. The tenancy agreement is completely re-written using clear plain text and intends to create a new climate of fairness between landlord and tenant. Surveyors are advised not to use the old and out of date forms of the tenancy agreement. The agreement is available from RICS Books priced £22.50*. www.rics.org/ricscms/bin/show?class=News&template=/includes/shownews.html&id=4073
590 _aWB
650 _aUNFAIR TERMS IN CONSUMER CONTRACTS REGULATIONS 1999
650 _aASSURED SHORTHOLD TENANCIES
690 _aPROPERTY-RESIDENTIAL PROPERTY-RESIDENTIAL LANDLORD AND TENANT-RESIDENTIAL TENANCIES
942 _n0
999 _c72957
_d72957